Logo BPK

Biblioteka

Politechniki Koszalińskiej

Dyrektywy Europejskiej Wspólnoty Gospodarczej dotyczące ochrony pracy. / (Rekord nr 38478)

Szczegóły MARC
000 -ETYKIETA REKORDU
podpole kontrolne o stałej długości 00725nam a2200193 i 4500
001 - NUMER KONTROLNY REKORDU
pole kontrolne bg
040 ## - ŹRÓDŁO KATALOGOWANIA
Instytucja, która utworzyła rekord BPK
041 1# - KOD JĘZYKA
Kod języka tekstu pl
Kod języka oryginału en
080 ## - UNIWERSALNA KLASYFIKACJA DZIESIĘTNA - UKD
UKD 349.23/.24:331.45/.46](4-15)
008 - POLE O STAŁEJ DŁUGOŚCI - DANE KONTROLNE
podpole kontrolne o stałej długości s pl f |000 0 pol
245 00 - TYTUŁ/ODPOWIEDZIALNOŚĆ
Tytuł Dyrektywy Europejskiej Wspólnoty Gospodarczej dotyczące ochrony pracy. /
Pozostałe elementy strefy tytułu i oznaczenia odpowiedzialności [oprac. red. I. Boćkowa et al. ; weryfikacja mmerytor. M. Benczek et al.] ; Centralny Instytut Ochrony Pracy
Oznaczenie części/sekcji dzieła T. 3.
260 ## - STREFA ADRESU WYDAWNICZEGO
Miejsce wydania Warszawa :
Nazwa wydawcy/dystrybutora CIOP,
Data publikacji, dystrybucji/powstania dokumentu 1992.
300 ## - STREFA OPISU FIZYCZNEGO
Objętość 134 s. ;
Rozmiary 24 cm.
650 #9 - HASŁO PRZEDMIOTOWE W FORMIE NAZWY OGÓLNEJ LUB JEDNOSTKOWEJ
Nazwa ogólna lub geograficzna Bezpieczeństwo i higiena pracy
Określnik ogólny prawo wspólnotowe europejskie
Określnik chronologiczny stan na 1992 r.
700 1# - HASŁO DODATKOWE - NAZWA OSOBOWA
Nazwa osobowa BOĆKOWA, I.
Określenie związku między hasłem a opisywanym materiałem Red.
700 1# - HASŁO DODATKOWE - NAZWA OSOBOWA
Nazwa osobowa BENCZEK, K. M.
710 #0 - HASŁO DODATKOWE - NAZWA CIAŁA ZBIOROWEGO
Nazwa ciała zbiorowego lub jednostki geograficznej Centralny Instytut Ochrony Pracy
856 ## - LOKALIZACJA I DOSTĘP DO ELEKTRONICZNYCH DOKUMENTÓW ZDALNYCH
Link (URL) http://koha.tu.koszalin.pl/cgi-bin/koha/opac-detail.pl?biblionumber=38478
Tekst linku Katalog online BPK
942 ## - DODATKOWE ELEMENTY (KOHA)
Typ dokumentu Książka
Egzemplarze
Wycofany Status egzemplarza Uszkodzony Dostępność Lokalizacja stała Lokalizacja bieżąca Miejsce przechowywania Sygnatura Kod kreskowy Dział Typ dokumentu
      Tylko na miejscu Biblioteka Politechniki Koszalińskiej Biblioteka Politechniki Koszalińskiej Czytelnia Wydziałowa ul. Kwiatkowskiego 6e 56061 01520408 349 Prawo pracy. Specjalne rodzaje prawa Książka
      Dostępny Biblioteka Politechniki Koszalińskiej Biblioteka Politechniki Koszalińskiej Wypożyczalnia BG 56062 01520415   Książka
© 2023 Biblioteka Politechniki Koszalińskiej :: KOHA